00648nam a2200169Ia 450000500170000000800410001702000060005808200130006410000180007724500950009526000390019030000130022950001200024294200060036295200950036899900150046320250128023103.0240331s9999 xx 000 0 und d a  bCOSa954 aCosme,O.M.D.S 0aFidalogs in the kingdom of Jaffnapatam :b(Sri lanka) (1543-1658)-The Portuguese in Jaffna aColombobHarwoods Publishersc1994 a136 p ., aFidalgos in the kingdom of Jafanapatam narrates the short saga of the Portuguese in the northern peninsula Kingdom. cL 001040708LaWERCLbWERCLcSSCd2024-03-31l0o 954 COSp3975r2024-03-31w2024-03-31yL c3513d3513